Countries with the Highest Population Density in 2100 - Statistics

General Stats
  • This quiz has been taken 1,516 times
  • The average score is 11 of 20
Answer Stats
Population Density Answer % Correct
40,305.4 Monaco
90%
7,759.9 Singapore
86%
1,333.2 Bangladesh
83%
871.7 Nigeria
76%
1,813.6 Vatican City
75%
537.2 San Marino
74%
1,142.5 Rwanda
59%
791.3 Israel
58%
1,100.6 Malta
57%
2,955.6 Bahrain
56%
2,122.8 Burundi
56%
1,069.8 Uganda
56%
1,655.0 Maldives
47%
580.4 Philippines
40%
803.0 Malawi
39%
1,161.2 Comoros
38%
709.5 Gambia
37%
632.7 Sao Tome and Principe
32%
593.3 Barbados
31%
586.0 Tuvalu
29%
No matching quizzes found
Score Distribution
Percent of People with Each Score
Percentile by Number Answered
Your Score History
You have not taken this quiz